Online
Catalog

Metamorfosis del espejo : (Record no. 47867)

MARC details
000 -CABECERA
campo de control de longitud fija 00668nam a2200181 a 4500
001 - NÚMERO DE CONTROL
campo de control 000048379
005 - FECHA Y HORA DE LA ÚLTIMA TRANSACCIÓN
campo de control 20201002061118.0
008 - DATOS DE LONGITUD FIJA--INFORMACIÓN GENERAL
campo de control de longitud fija 190218s2016 dr r 000 0 spa d
020 ## - NÚMERO INTERNACIONAL ESTÁNDAR DEL LIBRO
Número Internacional Estándar del Libro 9789945588996
040 ## - FUENTE DE LA CATALOGACIÓN
Centro catalogador/agencia de origen DO-SdBNP
Lengua de catalogación spa
Centro/agencia transcriptor BNPHU
082 ## - NÚMERO DE LA CLASIFICACIÓN DECIMAL DEWEY
Número de clasificación xxxx
Número de documento/Ítem P324m
100 1# - ENTRADA PRINCIPAL--NOMBRE DE PERSONA
Nombre de persona Paula, Hermes de
9 (RLIN) 33736
245 10 - MENCIÓN DE TÍTULO
Título Metamorfosis del espejo :
Resto del título poesía /
Mención de responsabilidad, etc. Hermes de Paula.
260 ## - PUBLICACIÓN, DISTRIBUCIÓN, ETC.
Lugar de publicación, distribución, etc. Santo Domingo :
Nombre del editor, distribuidor, etc. Ediciones ferilibro,
Fecha de publicación, distribución, etc. 2016.
300 ## - DESCRIPCIÓN FÍSICA
Extensión 65 p. ;
Dimensiones 20 cm.
500 ## - NOTA GENERAL
Nota general Obra seleccionada dentro de la convocatoria abierta para publicaciones con motivo de la XII Feria Regional del Libro Hato Mayor 2016, República Dominicana
590 ## - NOTA LOCAL (RLIN)
Nota local Inventariado, 2019/BT
Holdings
Estado de retiro Estado de pérdida Restricciones de uso No para préstamo Código de colección Localización permanente Ubicación/localización actual Ubicación en estantería Fecha de adquisición Número de inventario Total de préstamos Signatura topográfica completa Código de barras Fecha visto por última vez Número de copia Precio válido a partir de Tipo de ítem Koha
        Dominicana de Servicio General General Depósito 18.02.2019 LF1   xxxx P324m 48379-30 25.06.2020 e. 3 25.06.2020 Libro y Folleto Colección Dominicana de Servicio
      Excluido de préstamo Patrimonio Dominicano Patrimonio Dominicano Patrimonio Dominicano Depósito 18.02.2019 LF1   xxxx P324m 48379-10 25.06.2020   25.06.2020 Libro y Folleto Colección Patrimonio Dominicano
      Excluido de préstamo Patrimonio Dominicano Patrimonio Dominicano Patrimonio Dominicano Depósito 18.02.2019 LF1   xxxx P324m 48379-20 25.06.2020 e. 2 25.06.2020 Libro y Folleto Colección Patrimonio Dominicano

Powered by Koha